| 000 | 01267nam a22002297a 4500 | ||
|---|---|---|---|
| 999 |
_c57615 _d57615 |
||
| 003 | Ge_BSU | ||
| 005 | 20200818121923.0 | ||
| 008 | 200818r2020 ge ||||| |||| 00| 0 geo d | ||
| 020 | _a9789941969829 | ||
| 041 | _ageo | ||
| 080 | _a342.41(479.22) დ-32 | ||
| 100 |
_aდემეტრაშვილი, ავთანდილ _99241 |
||
| 245 |
_aკონსტიტუციური სამართალი: _bსახელმძღვანელო _cდემეტრაშვილი, ავთანდილ, გოგიაშვილი, გიორგი. |
||
| 250 | _aმეორე, გადამუშავებული და განახლებული გამოცემა | ||
| 264 |
_a თბილისი: _b იურისტების სამყარო, _c2020. |
||
| 300 |
_a498 გვ. _b24 სმ. |
||
| 653 | _aკონსტიტუციური სამართალი | ||
| 653 | _aძირითადი უფლებები | ||
| 653 | _a საქართველოს საარჩევნო სამართლის საფუძვლები | ||
| 700 |
_aგოგიაშვილი, გიორგი _eავტორი _97880 |
||
| 942 |
_2udc _cBK |
||